000 01464nam a22002537a 4500
001 5635
003 FISKH
005 20251125155726.0
008 250108b cb ||||| |||| 00| 0 eng d
020 _a9780439944557
040 _aFISKH
_beng
_cFISKH
_dFISKH
050 _aGB612.G37
082 _a551.415
100 _aGaneri, Anita
245 _aDesperate deserts /
_cby Anita Ganeri : Illustrated by Mike Phillips
260 _aNew York :
_bScholastic ;
_c2000.
300 _a159 pages :
_billustrations ;
_c21 cm .
490 _a Horrible Geography
520 _aGeography with the gritty bits left in Does geography grind you down? fed up with miserable maps, rotten rock piles and despicable data? Wave goodbye to boring geography lessons as you step onto the scorching sands of Desperate Deserts... Shudder as you're forced to drink camel pee to stay alive. Gasp as a single sand dune on the move buries whole villages. Scream when you come face to face with a deadly rattlesnake. Marvel at the brave desert explorer who trekked to Timbuktu. And if that's not desperate enough for you...find out about the desert where it snows, how to make a tasty pudding from camel milk and why cactus juice could be a deadly drink. Have you got what it takes to survive? It's earth-shatteringly exciting Geography has never been so horrible
650 _adeserts
_vnon-fiction
700 _aPhillips, Mike
_eillustrator
942 _2ddc
_cBK
_n0
999 _c5635
_d5635